Länder, die dem Persischen Golf am nächsten liegen - Statistiken

Allgemein
  • Dieses Quiz wurde 9.890 mal gespielt
  • Das Durchschnittsergebnis liegt bei 19 aus 22
Antwortstatistiken
Km Land % Korrekt
0 Irak
98%
0 Iran
98%
0 Saudi-Arabien
97%
0 Oman
96%
551 Jemen
95%
0 Katar
93%
1198 Israel
92%
440 Pakistan
92%
0 Vereinigte Arabische Emirate
91%
502 Afghanistan
90%
1128 Indien
90%
846 Syrien
90%
0 Kuwait
88%
843 Türkei
88%
0 Bahrain
86%
863 Jordanien
86%
1181 Libanon
81%
968 Armenien
77%
890 Aserbaidschan
77%
1208 Georgien
76%
1036 Turkmenistan
69%
1207 Russland
54%
Keine übereinstimmenden Quizze gefunden
Verteilung der Resultate
Anzahl Personen mit jedem Resultat
Perzentil nach korrekt beantworteten Fragen
Ihre Resultats-Entwicklung
Sie haben dieses Quiz noch nicht gespielt